[Event "Reykjavik op"]
[Site "Reykjavik"]
[Date "2018.03.12"]
[Round "7"]
[White "Mancini, Giustino"]
[Black "Huber Delle, Guenther"]
[Result "1-0"]
[WhiteElo "1905"]
[BlackElo "1665"]
[PlyCount "69"]
[EventDate "2018.03.06"]
[EventType "swiss"]
[EventRounds "9"]
[EventCountry "ISL"]
[SourceTitle "CBM 183 Extra"]
[Source "ChessBase"]
[SourceDate "2018.04.19"]
[SourceVersion "1"]
[SourceVersionDate "2018.04.19"]
[SourceQuality "1"]

1. e4 e6 2. d4 d5 3. exd5 exd5 4. Bd3 Nf6 5. Nf3 Bg4 6. 0-0 Bd6 7. Re1+ Kf8 8. Be3 Nbd7 9. Nbd2 c6 10. c3 Qc7 11. Qc2 Bh5 12. b3 Bg6 13. c4 Rd8 14. c5 Bf4 15. g3 Bxe3 16. Rxe3 Bxd3 17. Qxd3 g6 18. Rae1 Kg7 19. h3 h6 20. b4 b6 21. Kg2 bxc5 22. dxc5 Rb8 23. Qc3 a5 24. a3 axb4 25. axb4 Qb7 26. Rb1 Rhe8 27. Rxe8 Rxe8 28. Nd4 Kh7 29. b5 Ne4 30. Nxe4 Rxe4 31. bxc6 Qxb1 32. cxd7 Qb8 33. Nc6 Qb7 34. d8Q d4 35. Qf3 1-0

[Event "Reykjavik op"]
[Site "Reykjavik"]
[Date "2018.03.11"]
[Round "6"]
[White "Povah, Nigel Edward"]
[Black "Mancini, Giustino"]
[Result "1-0"]
[WhiteElo "2284"]
[BlackElo "1905"]
[PlyCount "105"]
[EventDate "2018.03.06"]
[EventType "swiss"]
[EventRounds "9"]
[EventCountry "ISL"]
[SourceTitle "CBM 183 Extra"]
[Source "ChessBase"]
[SourceDate "2018.04.19"]
[SourceVersion "1"]
[SourceVersionDate "2018.04.19"]
[SourceQuality "1"]

1. d4 d5 2. Nf3 Nf6 3. e3 Bf5 4. c4 e6 5. cxd5 exd5 6. Qb3 Qc8 7. Bd2 Bxb1 8. Rxb1 a5 9. Rc1 Bd6 10. Bd3 0-0 11. Qc2 Nc6 12. Bf5 Qd8 13. a3 Qe7 14. Qb3 Rfb8 15. 0-0 g6 16. Bd3 Qd7 17. Bb5 Qf5 18. Rfe1 Ne4 19. Qc2 Ne7 20. Bd3 g5 21. Bxe4 dxe4 22. Ne5 Bxe5 23. dxe5 c6 24. Bc3 g4 25. Red1 Rd8 26. Rd4 Rxd4 27. exd4 Nd5 28. Re1 b5 29. Qxe4 Qxe4 30. Rxe4 Nxc3 31. bxc3 b4 32. d5 b3 33. dxc6 b2 34. Re1 Rc8 35. Rb1 Rxc6 36. Rxb2 Rxc3 37. g3 Rxa3 38. Rb6 Ra1+ 39. Kg2 Re1 40. Rb5 Ra1 41. h3 gxh3+ 42. Kxh3 a4 43. Kg4 Kg7 44. f4 a3 45. Ra5 a2 46. Ra7 h5+ 47. Kf5 Rg1 48. Rxa2 Rxg3 49. Rh2 Kh6 50. Kf6 Rg4 51. Rf2 Rg7 52. f5 h4 53. Rf4 1-0

[Event "Reykjavik op"]
[Site "Reykjavik"]
[Date "2018.03.07"]
[Round "2"]
[White "Briem, Benedikt"]
[Black "Mancini, Giustino"]
[Result "1-0"]
[WhiteElo "1560"]
[BlackElo "1905"]
[PlyCount "109"]
[EventDate "2018.03.06"]
[EventType "swiss"]
[EventRounds "9"]
[EventCountry "ISL"]
[SourceTitle "CBM 183 Extra"]
[Source "ChessBase"]
[SourceDate "2018.04.19"]
[SourceVersion "1"]
[SourceVersionDate "2018.04.19"]
[SourceQuality "1"]

1. d4 d5 2. Bf4 Bf5 3. e3 e6 4. Bd3 Bxd3 5. Qxd3 c6 6. Nf3 Ne7 7. Nbd2 Ng6 8. Bg3 Bd6 9. c3 Bxg3 10. hxg3 Nd7 11. Rd1 h6 12. 0-0 0-0 13. e4 dxe4 14. Nxe4 Qc7 15. Rfe1 Rad8 16. Qc2 Rfe8 17. Ned2 Re7 18. Qa4 Nb6 19. Qa5 Red7 20. b3 Nd5 21. Qxc7 Nxc7 22. Nc4 c5 23. Nce5 Nxe5 24. Rxe5 Rd5 25. Rxd5 Nxd5 26. dxc5 Rc8 27. c4 Nc3 28. Rd7 b5 29. cxb6 axb6 30. Rb7 b5 31. cxb5 Nxa2 32. b6 Nb4 33. Rc7 Rb8 34. b7 Na6 35. Rc6 Rxb7 36. Rxa6 Rxb3 37. g4 Rb4 38. g5 Rg4 39. gxh6 gxh6 40. Ra7 Re4 41. g3 Kg7 42. Kg2 Re2 43. Nd4 Re4 44. Nc2 Rc4 45. Ne3 Rb4 46. Rc7 h5 47. Rc4 Rb5 48. Rf4 Ra5 49. Nc4 Rc5 50. Nd6 f5 51. Rh4 Kg6 52. Nc4 Rb5 53. Nd2 Rd5 54. Nf3 Ra5 55. Rb4 1-0

[Event "Gibraltar Challengers"]
[Site "Gibraltar"]
[Date "2008.01.26"]
[Round "5"]
[White "Mancini, Giustino"]
[Black "Gandrud, Vegar Koi"]
[Result "1-0"]
[WhiteElo "2020"]
[BlackElo "1819"]
[PlyCount "86"]
[EventDate "2008.01.22"]
[EventType "swiss"]
[EventRounds "5"]
[EventCountry "ENG"]
[SourceTitle "CBM 122 Extra"]
[Source "ChessBase"]
[SourceDate "2008.03.04"]
[SourceVersion "1"]
[SourceVersionDate "2008.03.04"]
[SourceQuality "1"]

1. c4 Nf6 2. Nc3 c6 3. e4 d5 4. e5 Ne4 5. d4 Nxc3 6. bxc3 e6 7. Nf3 Be7 8. Bd3 dxc4 9. Bxc4 b5 10. Bd3 Bb7 11. 0-0 Nd7 12. Nd2 Nxe5 13. Bc2 Ng6 14. Qh5 Qd5 15. Qe2 Nf4 16. Qg4 Qg5 17. Qf3 Qh6 18. Nb3 Bd6 19. Kh1 g5 20. Bxf4 Bxf4 21. g3 Bc7 22. Nc5 g4 23. Qg2 0-0-0 24. Nxb7 Kxb7 25. a4 Qh3 26. Qxh3 gxh3 27. Be4 a6 28. Rfb1 Kb6 29. f4 h5 30. Kg1 h4 31. Kf2 hxg3+ 32. hxg3 f6 33. Ra2 e5 34. dxe5 fxe5 35. f5 Bd6 36. axb5 axb5 37. Rba1 Bc5+ 38. Ke2 Kc7 39. Ra6 Rh6 40. g4 Rg8 41. Kf3 h2 42. Kg3 Bb6 43. Rb1 Rgh8 1-0

[Event "Porto San Giorgio op 16th"]
[Site "Porto San Giorgio"]
[Date "2004.08.21"]
[Round "1"]
[White "Lazic, Miroljub"]
[Black "Mancini, Giustino"]
[Result "1-0"]
[WhiteElo "2471"]
[BlackElo "2033"]
[PlyCount "43"]
[EventDate "2004.08.21"]
[EventType "swiss"]
[EventRounds "9"]
[EventCountry "ITA"]
[SourceTitle "CBM 101 Extra"]
[Source "ChessBase"]
[SourceDate "2004.09.01"]
[SourceVersion "2"]
[SourceVersionDate "2004.09.01"]
[SourceQuality "1"]

1. e4 d5 2. exd5 Nf6 3. d4 Nxd5 4. c4 Nf6 5. Nf3 e6 6. Nc3 Nbd7 7. Bg5 Be7 8. Qc2 c6 9. Bd3 h6 10. Bf4 b6 11. 0-0-0 Bb7 12. Rhg1 g5 13. Bg3 Rc8 14. Ne5 Nxe5 15. Bxe5 Bd6 16. Ne4 Bxe5 17. dxe5 Nxe4 18. Bxe4 Qe7 19. Rd6 f5 20. Bd3 c5 21. Qa4+ Kf8 22. Qxa7 1-0

[Event "Bratto op 17th"]
[Site "Bratto"]
[Date "1997.??.??"]
[Round "5"]
[White "Mancini, Giustino"]
[Black "Capece, Adolivio"]
[Result "0-1"]
[WhiteElo "2060"]
[BlackElo "2205"]
[PlyCount "48"]
[EventDate "1997.??.??"]
[EventType "swiss"]
[EventRounds "9"]
[EventCountry "ITA"]
[SourceTitle "EXT 2000"]
[Source "ChessBase"]
[SourceDate "1999.11.16"]
[SourceVersion "1"]
[SourceVersionDate "1999.11.16"]
[SourceQuality "1"]

1. d4 Nf6 2. Nf3 c5 3. d5 e6 4. c4 b5 5. Bg5 exd5 6. cxd5 h6 7. Bxf6 Qxf6 8. Qc2 Na6 9. Nbd2 Nb4 10. Qb1 Nxd5 11. e4 Nc7 12. a4 b4 13. e5 Qe6 14. Bd3 d5 15. 0-0 Be7 16. Re1 c4 17. Be2 Bc5 18. Qc2 Qb6 19. Rf1 b3 20. a5 bxc2 21. axb6 axb6 22. Rxa8 Nxa8 23. Rc1 Bf5 24. b3 Ba3 0-1